000 01774nam a22001937a 4500
999 _c60390
_d60390
003 Ge_BSU
005 20230711114756.0
008 230711s2015ge xxu||||| |||| 00| 0 geo d
020 _a9789941437878
041 _ageo
080 _a82.09(479.22)(092)გორდეზიანი, რ.+016:929*(479.22) გ-70
245 _aრისმაგ გორდეზიანი,
_bბიოგრაფიულ-ბიბლიოგრაფიული სამახსოვრო /
_cივანე ჯავახიშვილის სახელობის თბილისის სახელმწიფო უნივერსიტეტი, კლასიკური ფილოლოგიის, ბიზანტინისტიკისა და ნეოგრეცისტიკის ინსტიტუტი.
264 _aთბილისი :
_bლოგოსი,
_c2015.
300 _a93 გვ. ;
_b20 სმ.
440 _aპროგრამა "ლოგოსი" : პუბლიკაციები და ღონისძიებები კლასიკური ფილოლოგიის, ბიზანტინისტიკისა და ნეოგრეცისტიკის სფეროში.
_93642
653 _aგორდეზიანი, რისმაგ.
653 _aკლასიკური ფილოლოგიის, ბიზანტინისტიკის და ნეოგრეცისტიკის ინსტიტუტი საქართველოში. კლასიკური ფილოლოგია საქართველოში. ქართველი ბიზანტოლოგები
942 _2udc
_cBK